Ukrajina poza Ukrajinoju encyklopedyčnyj slovnyk mystec'koho, kul'turnoho i hromads'koho žyttja ukrajins'koji emihraciji v mižvojennij Čechoslovaččyni (1919-1939)

Podrobná bibliografia
Hlavný autor: Pelens'ka, Oksana (Autor)
Médium: Kniha
Jazyk:ukrajinčina
Fyzický popis:331 strán faksimile, ilustrácie, portréty 25 cm
Vydavateľské údaje: Praha Nacional'na biblioteka Čes'koji Respubliky - Slov'jans'ka biblioteka Naukove Tovarystvo im. Ševčenka v Kanadi Ukrajins'ko-Kanads'kyj Doslidčo-Dokumentacijnyj Centr 2019
ISBN:9788070507131
Edícia:Publikace Slovanské knihovny
Predmet:

MARC

LEADER 00000cam a2200000 4500
001 vtls011911938
003 SK-MaSNL
005 20260311125203.0
008 210701s2019 xr hpc erein 000 0 ukr
015 |a SNBZSA2021/02 
020 |a 9788070507131  |q (viazané) 
035 |a urn:nbn:sk:snk-am00fgbj 
035 |a urn:nbn:sk:snk-am3isni 
035 |a 3DB8EDFE-2F4F-4E67-BB85-BF87E654A5D8 
040 |a SNK  |b slo  |c SNK  |e rda 
041 0 |a ukr 
043 |a e-un---  |a e-cs--- 
044 |a xr  |c CZ 
072 7 |a 314  |x Demografia. Populácia  |2 konspekt 
080 |a (=161.2)  |2 2011 
080 |a 314.15-026.49  |2 2011 
080 |a 314.15-026.48  |2 2011 
080 |a 316.72/.75-027.63  |2 2011 
080 |a 7.071  |2 2011 
080 |a 316.344.32  |2 2011 
080 |a 821.161.2-051  |2 2011 
080 |a (477)  |2 2011 
080 |a (437)  |2 2011 
080 |a 316.7  |2 2011 
080 |a (031)  |2 2011 
100 1 |a Pelens'ka, Oksana  |4 aut  |9 438045 
245 1 0 |a Ukrajina poza Ukrajinoju  |b encyklopedyčnyj slovnyk mystec'koho, kul'turnoho i hromads'koho žyttja ukrajins'koji emihraciji v mižvojennij Čechoslovaččyni (1919-1939)  |c Oksana Pelens'ka 
264 1 |a Praha  |b Nacional'na biblioteka Čes'koji Respubliky - Slov'jans'ka biblioteka  |b Naukove Tovarystvo im. Ševčenka v Kanadi  |b Ukrajins'ko-Kanads'kyj Doslidčo-Dokumentacijnyj Centr  |c 2019 
300 |a 331 strán  |b faksimile, ilustrácie, portréty  |c 25 cm 
336 |a text  |b txt  |2 rdacontent 
337 |a bez média  |b n  |2 rdamedia 
338 |a zväzok  |b nc  |2 rdacarrier 
490 1 |a Publikace Slovanské knihovny  |v 82 
500 |a Nad názvom: Nacional'na biblioteka Čes'koji Respubliky - Slov'jans'ka biblioteka, Naukove Tovarystvo im. Ševčenka v Kanadi, Ukrajins'ko-Kanads'kyj Doslidčo-Dokumentacijnyj Centr 
500 |a Obsahuje zoznam prijatých a bibliografických skratiek 
504 |a Obsahuje bibliografiu na strane 310-317 ; bibliografické odkazy ; register hesiel 
546 |a Text v ukrajinčine ; resumé v ukrajinčine, češtine a angličtine 
648 7 |a 1919-1939  |2 SNKPH  |9 300429 
650 0 7 |a Ukrajinci  |2 SNKPH  |9 19025 
650 0 7 |a Ukrainians  |2 SNKPHeng  |9 268489 
650 0 7 |a emigrácia  |2 SNKPH  |9 3822 
650 0 7 |a Emigration  |2 SNKPHeng  |9 286677 
650 0 7 |a imigrácia  |2 SNKPH  |9 3820 
650 0 7 |a Immigration  |2 SNKPHeng  |9 345419 
650 0 7 |a exilový kultúrny život  |2 SNKPH  |9 120915 
650 0 7 |a cultural activities in exile  |2 SNKPHeng  |9 314884 
650 0 7 |a umelci  |2 SNKPH  |9 2894 
650 0 7 |a Artists  |2 SNKPHeng  |9 265151 
650 0 7 |a intelektuáli  |2 SNKPH  |9 4873 
650 0 7 |a Intellectuals  |2 SNKPHeng  |9 329528 
650 0 7 |a ukrajinskí spisovatelia  |2 SNKPH  |9 66678 
650 0 7 |a Ukrainian authors  |2 SNKPHeng  |9 353700 
650 0 7 |a kultúra  |2 SNKPH  |9 886 
650 0 7 |a Culture  |2 SNKPHeng  |9 265082 
651 7 |a Ukrajina  |2 SNKPHgeo  |9 168045 
651 7 |a Ukraine  |2 SNKPHeng  |9 266376 
651 7 |a Československo  |2 SNKPHgeo  |9 21376 
651 7 |a Czechoslovakia  |2 SNKPHeng  |9 265183 
655 7 |a encyklopédie  |2 SNKPH  |9 28776 
655 7 |a Encyclopedias  |2 SNKPHeng  |9 90422 
830 0 |a Publikace Slovanské knihovny  |9 302785 
919 |a 978-80-7050-713-1 
958 |a OND 
958 |a ZS 
958 |a NB 
999 |c 692005  |d 693935 
952 |a SNK  |b SNK  |y PREZ  |7 0  |p 17A1416801  |o snkSC 189166  |i snk2020/10597  |8 2  |g 16.89  |0 0  |1 0  |4 0  |d 2020-01-20  |f 1  |l 0  |r 2025-10-06 00:00:00  |w 2026-02-23